| LEADER |
00851nam0a2200217 450 |
| 001 |
16826524 |
| 010 |
|
|
|a 978-2-212-56199-9
|b spirale
|d 13,5
|
| 100 |
|
|
|a 20150917d2015 u u0frey01 ba
|
| 101 |
0 |
|
|a fre
|
| 102 |
|
|
|a FR
|
| 200 |
0 |
|
|a 10 minutes par jour pour méditer
|f Thierry Thouvenot
|
| 207 |
|
1 |
|a
|
| 210 |
|
|
|a Paris
|b 61 boulevard Saint Germain.
|c Eyrolles
|d 2015
|
| 215 |
|
|
|a 1 vol. (239 p.)
|c illustrations en couleur
|d 18 x 17 cm
|
| 225 |
1 |
|
|a 10 minutes par jour
|
| 300 |
|
|
|a Coup de coeur
|
| 330 |
|
|
|a Un programme quotidien pour pratiquer la méditation en fonction des saisons, avec des conseils pratiques et des bilans hebdomadaires.
|
| 700 |
|
0 |
|a Thouvenot
|b Thierry
|4 70
|
| 900 |
|
|
|a Documentaire
|
| 901 |
|
|
|a Accessible au prêt
|
| 995 |
|
|
|a Bibliothèque
|c Bibliothèque
|f 00156008764292
|h 00156008764292
|k 158 THO
|o p
|q a
|r az
|e Bibliothèque
|